000 00272nam a22001337a 4500
003 SGT
082 _a616.024
_bP14H
100 _aHASSAN,ASHFAQ UI
245 _aPALTINUM NATS 2014-15
250 _a4TH
260 _aINDIA
_bJAYPEE
_c2014
300 _a435
942 _2ddc
_cBK
999 _c14089
_d14089